[Event "Mecklenburg VP-chC"]
[Site "Greifswald"]
[Date "2024.03.24"]
[Round "3"]
[White "Wolter, Guenter"]
[Black "Drechsler, Andor"]
[Result "1-0"]
[WhiteElo "1842"]
[BlackElo "1617"]
[PlyCount "55"]
[EventDate "2024.03.23"]
[EventType "swiss"]
[EventRounds "7"]
[EventCountry "GER"]
[SourceTitle "CB14_2024"]
[SourceDate "2024.04.01"]
[SourceVersion "1"]
[SourceVersionDate "2024.04.01"]
[SourceQuality "1"]

1. e4 c6 2. d4 d5 3. Nc3 dxe4 4. Nxe4 Bf5 5. Ng3 Bg6 6. Nf3 Nd7 7. Bd3 Bxd3 8. Qxd3 e6 9. Bf4 Qa5+ 10. c3 Ngf6 11. Ne4 Nxe4 12. Qxe4 Nf6 13. Qc2 Be7 14. 0-0 0-0 15. Rfe1 Rfd8 16. Qb3 b6 17. Ne5 Rac8 18. Nxf7 Rd5 19. Ng5 Kh8 20. Rxe6 Nh5 21. Rxe7 Nxf4 22. Nf7+ Kg8 23. Nd6 Rf8 24. Nc4 Qa6 25. Ne3 Ne2+ 26. Kh1 Rxf2 27. Nxd5 Nc1 28. Nf6+ 1-0

[Event "GER-chT U12"]
[Site "Magdeburg"]
[Date "2021.08.05"]
[Round "1.4"]
[White "Drechsler, Andor"]
[Black "Haubold, Christian Lucas"]
[Result "0-1"]
[WhiteElo "1256"]
[BlackElo "1649"]
[PlyCount "38"]
[EventDate "2021.08.04"]
[EventType "team-swiss"]
[EventRounds "7"]
[EventCountry "GER"]
[SourceTitle "EXT 2022"]
[Source "ChessBase"]
[SourceDate "2021.10.06"]
[SourceVersion "1"]
[SourceVersionDate "2021.10.06"]
[SourceQuality "1"]
[WhiteTeam "Torgelow Droegeheide"]
[BlackTeam "Stassfurt Einheit"]
[WhiteTeamCountry "GER"]
[BlackTeamCountry "GER"]

1. e4 e5 2. Nf3 Nc6 3. Bc4 Bc5 4. 0-0 Nf6 5. d3 d6 6. c3 Bg4 7. h3 Bh5 8. Nbd2 h6 9. b4 Bb6 10. a4 a5 11. b5 Ne7 12. Nb3 g5 13. d4 Nxe4 14. Qd3 Bg6 15. Re1 Nxf2 16. Qe2 Ne4 17. Bb2 d5 18. Bd3 f6 19. Kh1 Ng3+ 0-1

[Event "Mecklenburg VP-ch U10"]
[Site "Malchow"]
[Date "2019.02.06"]
[Round "7.3"]
[White "Peilert, Maximilian"]
[Black "Drechsler, Andor"]
[Result "1-0"]
[WhiteElo "964"]
[BlackElo "1054"]
[PlyCount "53"]
[EventDate "2019.02.02"]
[EventType "swiss"]
[EventRounds "7"]
[EventCountry "GER"]
[SourceTitle "EXT 2022"]
[Source "ChessBase"]
[SourceDate "2021.10.06"]
[SourceVersion "1"]
[SourceVersionDate "2021.10.06"]
[SourceQuality "1"]

1. e4 c6 2. Nf3 d5 3. Nc3 d4 4. Ne2 c5 5. d3 Bg4 6. Bf4 Bxf3 7. gxf3 Nc6 8. Bg2 e5 9. Bg3 Nf6 10. 0-0 Be7 11. f4 exf4 12. Nxf4 0-0 13. Re1 Qb6 14. b3 Bd6 15. Nd5 Nxd5 16. Bxd6 Rfd8 17. exd5 Rxd6 18. dxc6 bxc6 19. Qf3 f6 20. Re4 Rf8 21. Rae1 Rfd8 22. Qe2 Qb8 23. Re7 h6 24. Qh5 Kh7 25. Be4+ Kh8 26. Qg6 Kg8 27. Qxg7# 1-0